00425cam a2200169ua 45000010005000000080039000050400009000440410008000530820011000611000024000722450048000962500010001442600026001543000010001806530044001906530021002347979150103n ii |||gr||||Z||||||hin cMAIN ahin a891.43 aNagendra,eEditor.,1 aHindi sahitya ka itihascEdited by Nagendra a33th. aNoida:bMayur,c2007. a710p. aEast Indo-European & Celtic literatures aHindi literature